00387nam a2200181Ia 4500003000900000008004100009040001300050040001300063041000800076100001800084245004000102250001000142260001500152260000900167300001100176300001200187490000600199IT-RoPAU120407s9999 xx 000 0 und d aIT-RoPAU cIT-RoPAU afra aGustave Bardy aL’Eglise et les dernieres romains aParis aR. Laffont c1948 a299 p. c19,5 cm v1